Localizing transitional justice : (Record no. 143971)
[ view plain ]
| 000 -LEADER | |
|---|---|
| fixed length control field | 03248nam a2200457 i 4500 |
| 001 - CONTROL NUMBER | |
| control field | ebr11010070 |
| 003 - CONTROL NUMBER IDENTIFIER | |
| control field | CaPaEBR |
| 006 - FIXED-LENGTH DATA ELEMENTS--ADDITIONAL MATERIAL CHARACTERISTICS--GENERAL INFORMATION | |
| fixed length control field | m o d |
| 007 - PHYSICAL DESCRIPTION FIXED FIELD--GENERAL INFORMATION | |
| fixed length control field | cr cn||||||||| |
| 008 - FIXED-LENGTH DATA ELEMENTS--GENERAL INFORMATION | |
| fixed length control field | 091217t20102010cau ob 001 0 eng|d |
| 020 ## - INTERNATIONAL STANDARD BOOK NUMBER | |
| Cancelled/invalid ISBN | 9780804761499 (cloth : alk. paper) |
| Cancelled/invalid ISBN | 9780804761505 (pbk. : alk. paper) |
| International Standard Book Number | 9780804774635 (e-book) |
| 040 ## - CATALOGING SOURCE | |
| Original cataloging agency | CaPaEBR |
| Language of cataloging | eng |
| Description conventions | rda |
| -- | pn |
| Transcribing agency | CaPaEBR |
| 035 ## - SYSTEM CONTROL NUMBER | |
| System control number | (OCoLC)900633096 |
| 050 14 - LIBRARY OF CONGRESS CALL NUMBER | |
| Classification number | JC571 |
| Item number | .L5868 2010eb |
| 082 04 - DEWEY DECIMAL CLASSIFICATION NUMBER | |
| Classification number | 340/.115 |
| Edition number | 22 |
| 245 00 - TITLE STATEMENT | |
| Title | Localizing transitional justice : |
| Remainder of title | interventions and priorities after mass violence / |
| Statement of responsibility, etc | edited by Rosalind Shaw and Lars Waldorf, with Pierre Hazan. |
| 264 #1 - PRODUCTION, PUBLICATION, DISTRIBUTION, MANUFACTURE, AND COPYRIGHT NOTICE | |
| Place of production, publication, distribution, manufacture | Stanford, California : |
| Name of producer, publisher, distributor, manufacturer | Stanford University Press, |
| Date of production, publication, distribution, manufacture, or copyright notice | [2010] |
| Date of production, publication, distribution, manufacture, or copyright notice | �2010 |
| 300 ## - PHYSICAL DESCRIPTION | |
| Extent | 1 online resource (364 pages). |
| 336 ## - CONTENT TYPE | |
| Content type term | text |
| Source | rdacontent |
| 337 ## - MEDIA TYPE | |
| Media type term | computer |
| Source | rdamedia |
| 338 ## - CARRIER TYPE | |
| Carrier type term | online resource |
| Source | rdacarrier |
| 490 1# - SERIES STATEMENT | |
| Series statement | Stanford studies in human rights |
| 504 ## - BIBLIOGRAPHY, ETC. NOTE | |
| Bibliography, etc | Includes bibliographical references (pages [305]-336) and index. |
| 505 0# - FORMATTED CONTENTS NOTE | |
| Formatted contents note | Stay the hand of justice : whose priorities take priority? / Harvey M. Weinstein, Laurel E. Fletcher, Patrick Vinck, and Phuong Pham -- Transitional justice after September 11 : a new rapport with evil / Pierre Hazan -- An acknowledged failure : women, voice, violence, and the South African Truth and Reconciliation Commission / Fiona Ross -- Histories of innocence : postwar stories in Peru / Kimberly Theidon -- Linking justice with reintegration? : ex-combatants and the Sierra Leone experiment / Rosalind Shaw -- Reconciliation grown bitter? : war, retribution, and ritual action in northern Uganda / Sverker Finnstr�om -- Silence and dialogue : Burundians' alternatives to transitional justice / Ann Nee and Peter Uvin -- "Like Jews waiting for Jesus" : posthumous justice in post-genocide Rwanda / Lars Waldorf -- Weaving a braid of histories : local post-armed conflict initiatives in Guatemala / Laura Arriaza and Naomi-Roht-Arriaza -- Dealing with the past when the conflict is still present : civil society truth-seeking initiatives in the Israeli-Palestinian conflict / Ron Dudai and Hillel Cohen -- Afterword : elevating transitional local justice or crystallizing global governance? / Moses Chrispus Okello. |
| 588 ## - SOURCE OF DESCRIPTION NOTE | |
| Source of description note | Description based on print version record. |
| 590 ## - LOCAL NOTE (RLIN) | |
| Local note | Electronic reproduction. Palo Alto, Calif. : ebrary, 2015. Available via World Wide Web. Access may be limited to ebrary affiliated libraries. |
| 650 #0 - SUBJECT ADDED ENTRY--TOPICAL TERM | |
| Topical term or geographic name as entry element | Transitional justice. |
| Topical term or geographic name as entry element | Human rights. |
| Topical term or geographic name as entry element | Crimes against humanity. |
| 655 #0 - INDEX TERM--GENRE/FORM | |
| Genre/form data or focus term | Electronic books. |
| 700 1# - ADDED ENTRY--PERSONAL NAME | |
| Personal name | Shaw, Rosalind, |
| Relator term | editor. |
| Personal name | Waldorf, Lars, |
| Relator term | editor. |
| Personal name | Hazan, Pierre, |
| Relator term | editor. |
| 776 08 - ADDITIONAL PHYSICAL FORM ENTRY | |
| Display text | Print version: |
| Title | Localizing transitional justice : interventions and priorities after mass violence. |
| Place, publisher, and date of publication | Stanford, California : Stanford University Press, [2010] |
| Physical description | xvi, 344 pages ; 24 cm |
| Series data for related item | Stanford studies in human rights |
| International Standard Book Number | 9780804761505 |
| Record control number | (DLC) 200905299 |
| 797 2# - LOCAL ADDED ENTRY--CORPORATE NAME (RLIN) | |
| Corporate name or jurisdiction name as entry element | ebrary. |
| 830 #0 - SERIES ADDED ENTRY--UNIFORM TITLE | |
| Uniform title | Stanford studies in human rights. |
| 856 40 - ELECTRONIC LOCATION AND ACCESS | |
| Uniform Resource Identifier | <a href="http://site.ebrary.com/lib/rucke/Doc?id=11010070">http://site.ebrary.com/lib/rucke/Doc?id=11010070</a> |
| Public note | An electronic book accessible through the World Wide Web; click to view |
No items available.
